000
00328nam a22001337a 4500
008
170130b xxu||||| |||| 00| 0 eng d
020
_a
9780077390600
041
_a
eng
080
_2
7TH
_a
61
100
_a
3
101
_a
SHMI
245
_a
COMPUTERS IN THE MEDICAL OFFICE/ INSTRUCTOR'S MANUAL
_c
SANDERSON, S.M
942
_2
udc
_c
BK
999
_c
3978
_d
3978